000 00349nam a2200133Ia 4500
008 240624s9999 xx 000 0 und d
041 _aeng
082 _a658.8 KUC
100 _aKUCUK S UMIT
245 _aVISUALIZING MARKETING FROM ABSTRACT TO I
260 _c2017
_aLondon
_bPalgrave Macmillan
300 _aix, 126 p.; 23 cm.
365 _cERU
_b31
999 _c30152
_d30152